| 000 | 00540nam a2200181 4500 | ||
|---|---|---|---|
| 001 | 25330 | ||
| 005 | 20230410120908.0 | ||
| 008 | 060907n2001 dr spa | ||
| 020 | _a0820451878 | ||
| 035 | _9funglode25521 | ||
| 041 | _aEN | ||
| 050 | 1 | 4 | _aJasel |
| 100 | _aOrlofsky, Diane D. | ||
| 245 | 1 |
_aRedefining teacher education : _bthe theories of Jerome Bruner and the practice of training teachers / _cDiane D. Orlofsky |
|
| 260 |
_aNew York : _bPeter Lang Publishing. Inc., _c2001 |
||
| 300 | _a138p. | ||
| 942 |
_2lcc _cbk |
||
| 999 |
_c53969 _d53969 |
||